000 00619nam a2200193Ia 4500
003 GCL
008 140319s9999 xx 000 0 ara d
040 _aGCL /
_cGCL
082 0 4 _a214.37701
_bح م
100 1 _aحسن الشيخ الفاتح الشيخ
245 1 0 _aالمفهوم الاسلامى للتربية /
_cحسن الشيخ الفاتح الشيخ
260 _a[S.N] :
_bدار الجيل ،
_c1992
300 _a94 ص
490 _a
650 0 4 _aالاخلاق الاسلامية
650 0 4 _aالثقافة الاسلامية
650 0 4 _aالتربية الاسلامية
942 _2ddc
_cBK
999 _c55506
_d55506